02118cam a22004694i 4500003000900000005001700009008004100026020001500067035002700082040003300109049000900142082002300151100003500174245006400209264006500273300006300338336002100401337002500422338002300447504002800470505043500498526001000933526001000943526001000953526001000963526000800973526000800981526000800989526000800997526000801005526000801013526000801021650003201029650003401061942001401095949013301109994001401242596000601256999015901262980005501421952017201476PE-LiUPU20250731173130.0150623s r 000 0 d a0944450059 a(Sirsi) i9780944450055 aPE-LiUPUbspacPE-LiUPUerda aPRUA04a261.834 4bR842211 aRosado, Caleb,d1942-,eautor.10aWomen church God :ba socio-biblical study /cCaleb Rosado. 1aReverside, California :bLoma Linda University Press,c1990. a173 páginas :bilustraciones gráf. ;c23 centímetros atext2rdacontent aunmediated2rdamedia avolume2rdacarrier aIncluye bibliografía.0 aJesus-the exegete of God. Jesus and the patriarchal system. The return to servanthood. Jesus and the social status of women. The role of women in the New Testament. Is God male?. The feminine side of the character of God. The motherhood of God. Is the head of the house at home?. Mary the humanization of the church. Appendix: The family in a multicultural society. A model for effective change. The gospel and inclusive language. aSEG42 aSEG41 aSEG40 aSEG39 aP94 aP87 aP86 aP85 aP77 aP76 aP3504aMujeres en el cristianismo.04aMujeresxAspectos religiosos. 2ddccBOOK a261.834 4 R84wDEWEYc1i51571lCCODEBUL1mBULp13.00r0sYtBOOKu2015-6-24xTEOLOGIAPP350COMPRAo.STAFF. Colección General aC0bPEPRU a1 a261.834 4 R84wDEWEYc33299i51571f2021-11-10g5lCCODEBUL1mBULp13.00r0sYtBOOKu2015-6-24xTEOLOGIAPP350COMPRAo.STAFF. Colección Generald33299 81gALBERTO SANCHEZ Responsable de Automatización r2025-12-02 00:00:00i6l0o261.834 4 R84p51571te1v18.00w2015-06-24xFTyBKzinventario-2023-12-13102ddc50708GENfP35aBULbBULcGENd2015-06-24eCOMPRAg13.00